تصور مقترح للجذع المشترك فى المناهج بين التعليم الثانوى العام والتعليم الفنى /

Saved in:
书目详细资料
企业作者: جمهورية مصر العربية. المركز القومى للبحوث التربوية والتنمية
其他作者: الدسوقي، عيد أبو المعاطي، (رئيس فريق البحث., باحث مشارك.), عبد الموجود، محمد عزت، (مستشار البحث.), بباوي، مراد حكيم، (باحث مشارك.), عجاج، محمد السيد، (باحث مشارك.), توفيق، رؤوف عزمي، (باحث مشارك.), عبد العزيز، أماني، (باحث مشارك.), حافظ، أمل الشحات، (باحث مشارك.), السيد، ناصر عبد الحميد، (باحث مشارك.), شوقي، هدى أحمد، (باحث مشارك.), محمد، مصطفى عبد السميع، (مراجع.)
格式: 图书
语言:阿拉伯语
出版: القاهرة : المركز القومى للبحوث التربوية والتنمية. شعبة بحوث تطوير المناهج، 2009.
主题:
在线阅读:http://dar.bibalex.org/webpages/mainpage.jsf?PID=DAF-Job:310693
标签: 添加标签
没有标签, 成为第一个标记此记录!

MARC

LEADER 00000nam a22000007a 4500
003 INP
005 20181119114251.0
008 130306s2009 ua k frb 001 0 ara d
952 |0 0  |1 0  |4 0  |6 373_260000000000000_ت_ص  |7 0  |8 arabic_Boo  |9 3570  |a INP  |b INP  |c MAIN  |d 2018-04-04  |l 0  |o 373.26 ت ص  |p 004541  |r 2022-03-28 00:00:00  |w 2018-04-04  |y BK  |0 0 
999 |c 1991  |d 1991 
017 |a 19168 
020 |z 9789773172675 
040 |a EG-INP  |c EG-INP  |b ara 
082 0 4 |a 373.26  |2 21  |b ت ص 
110 1 |a جمهورية مصر العربية.   |b المركز القومى للبحوث التربوية والتنمية.   |c شعبة بحوث تطوير المناهج. 
245 1 0 |a تصور مقترح للجذع المشترك فى المناهج بين التعليم الثانوى العام والتعليم الفنى /   |c شعبة بحوث تطوير المناهج، رئيس فريق البحث عيد أبو المعاطى الدسوقى؛ مستشار البحث محمد عزت عبد الموجود؛ فريق البحث مراد حكيم بباوي، محمد السيد عجاج، عيد أبو المعاطي رؤوف... [وأخ.]؛ مراجعة مصطفى عبد السميع محمد. 
260 |a القاهرة :   |b المركز القومى للبحوث التربوية والتنمية. شعبة بحوث تطوير المناهج،   |c 2009. 
300 |a 215 ص. :   |b إيض. ؛   |c 24 سم. 
500 |a يشتمل على ملاحق البحث. 
504 |a يشتمل على إرجاعات ببليوجرافية (ص. 93-96). 
546 |a النص باللغتين العربية و الانجليزية. 
650 7 |a المدارس الثانوية.  |2 qrmak 
650 7 |a التعليم الثانوى  |x مناهج.  |2 qrmak 
650 7 |a التعليم المهنى.  |2 qrmak 
650 7 |a التعليم المهنى  |x مناهج.  |2 qrmak 
700 1 |a الدسوقي، عيد أبو المعاطي،   |e رئيس فريق البحث. 
700 1 |a عبد الموجود، محمد عزت،   |e مستشار البحث. 
700 1 |a بباوي، مراد حكيم،   |e باحث مشارك. 
700 1 |a عجاج، محمد السيد،   |e باحث مشارك. 
700 1 |a الدسوقي، عيد أبو المعاطي،   |e باحث مشارك. 
700 1 |a توفيق، رؤوف عزمي،   |e باحث مشارك. 
700 1 |a عبد العزيز، أماني،   |e باحث مشارك. 
700 1 |a حافظ، أمل الشحات،   |e باحث مشارك. 
700 1 |a السيد، ناصر عبد الحميد،   |e باحث مشارك. 
700 1 |a شوقي، هدى أحمد،   |e باحث مشارك. 
700 1 |a محمد، مصطفى عبد السميع،   |e مراجع. 
856 |u http://dar.bibalex.org/webpages/mainpage.jsf?PID=DAF-Job:310693 
901 |a EGPV19 
902 |a  EGPV5 
903 |a copycat 
942 |c BK  |2 ddc